000 01084nam a2200229 i 4500
001 157855
003 ES-MaACL
005 20250713063722.0
008 040825s1890 xx |||| | fre d
100 1 _aLlauradó, Andrés,
_d1840-1899
_9129002
245 1 3 _aLa navigation intérieure en Espagne /
_cpar André de Llauradó.
260 _a[S.l. :
_bs.n.,
_c1890?]
300 _a30 p. ;
_c33 cm.
594 _aTít. y autor tomados de comienzo de texto.
594 _aPrecede al tít.: Quatrième Congrès International de Navigation Intérieure.
596 _aSegún consta en BLPC el Congreso tuvo lugar en Manchester, 1890.
650 0 4 _aNavegación interior-
_zEspaña.
_9136585
711 2 _aCongrès International de Navigation Intérieure (
_n4º.
_d1890.
_cManchester)
_9135112
852 _aES-MaACL
_jT-663-F-7
_z- Enc. hol.
_z. - Ded. del autor a Manuel Sainz [Saenz] Diez
_q- Falto de cub. original
_z- Enc. en un vol. facticio
852 _aES-MaACL
_jT-501-F-13
_z.- Dedicatoria autógrafa del autor
_q- Falto de cub. original
999 _c157855
_d157855